000 00415nam a22001337a 4500
020 _a81-7862-549-0
082 _a001
_bVAS/E
100 _aVAS, GRATIAN
245 _aEXPERIMENT WITH WEATHER
260 _aDELHI
_bSTERLING PRESS
300 _a32
650 _aGK
_zDELHI
942 _cBK
999 _c6405
_d6405